000
00264nam a2200109Ia 4500
008
200302s9999 xx 000 0 und d
100
_a
Chris Van Uffelen
245
_a
Bamboo Architecture and Design
260
_b
Braun Publishing AG
260
_c
2015
300
_a
183
999
_c
3670
_d
3670